00906cam a2200265 a 45000010008000000030004000080050017000120080041000290100017000700200015000870200018001020400030001200500020001500820021001701000025001912450065002162600064002813000026003455040030003716500020004017000025004217000034004468560086004808560074005662315466OSt20201125141714.0811029s1982 enk b 000 0 eng  a 81017981  a8175960582 a9788175960589 aDLCcDLCdDLCdOCoLCdDLC00aB843b.U84 198200a171.5221bSEN/U1 aSen, Amartya,d1933-00aUtilitarianism and beyond /cAmartya Sen ; Bernard Williams. aCambridge ;aNew York :bCambridge University Press,c1982. avii, 290 p. ;c24 cm. aBibliography: p. 279-290. 0aUtilitarianism.1 aSen, Amartya,d1933-1 aWilliams, Bernard,d1929-2003423Publisher descriptionuhttp://www.loc.gov/catdir/description/cam022/81017981.html413Table of contentsuhttp://www.loc.gov/catdir/toc/cam025/81017981.html